Shivani Engineering Q.B. (Engineering Thermodynamics) (Record no. 1301)

MARC details
000 -LEADER
fixed length control field 00368nam a22001457a 4500
005 - DATE AND TIME OF LATEST TRANSACTION
control field 20160521121629.0
008 - FIXED-LENGTH DATA ELEMENTS--GENERAL INFORMATION
fixed length control field 160521b xxu||||| |||| 00| 0 eng d
041 ## - LANGUAGE CODE
Language code of text/sound track or separate title eng
082 ## - DEWEY DECIMAL CLASSIFICATION NUMBER
Item number 3745
245 ## - TITLE STATEMENT
Title Shivani Engineering Q.B. (Engineering Thermodynamics)
260 ## - PUBLICATION, DISTRIBUTION, ETC. (IMPRINT)
Name of publisher Shivani Publication
Year of publication 2001
300 ## - PHYSICAL DESCRIPTION
Number of Pages 246
650 ## - SUBJECT ADDED ENTRY--TOPICAL TERM
Topical Term DIPLOMA ENGINEERING
942 ## - ADDED ENTRY ELEMENTS (KOHA)
Koha item type Books
Holdings
Lost status Damaged status Home library Date acquired Cost, normal purchase price Full call number Accession Number Koha item type
    JRU Library 21/05/2016 75.00 3745 3745 Books